[Event "Madrid San Viator op-A 29th"]
[Site "Madrid"]
[Date "2017.10.08"]
[Round "4"]
[White "Garcia Sanjuan, Jose"]
[Black "Barahona Torrijos, Angel"]
[Result "1-0"]
[WhiteElo "1899"]
[BlackElo "1855"]
[PlyCount "95"]
[EventDate "2017.09.17"]
[EventType "swiss"]
[EventRounds "9"]
[EventCountry "ESP"]
[SourceTitle "EXT 2019"]
[Source "ChessBase"]
[SourceDate "2018.10.10"]
[SourceVersion "1"]
[SourceVersionDate "2018.10.10"]
[SourceQuality "1"]

1. Nf3 d5 2. b3 Nc6 3. Bb2 Nf6 4. h3 Bf5 5. d3 h6 6. Nbd2 e6 7. g4 Bh7 8. Bg2 Bd6 9. Nd4 Nxd4 10. Bxd4 e5 11. Bb2 0-0 12. e3 Re8 13. h4 Bg6 14. h5 Bh7 15. Qe2 e4 16. d4 Qe7 17. a4 a5 18. Bh3 Nd7 19. Qb5 Nb6 20. Qe2 Bb4 21. c3 Bd6 22. c4 Bb4 23. c5 Nc8 24. Rc1 Ra6 25. Bc3 Bxc3 26. Rxc3 Rf6 27. Rg1 Na7 28. g5 hxg5 29. Rxg5 Nc6 30. Rxd5 Nb4 31. Rd7 Qf8 32. Qg4 Bf5 33. Qg3 Bxd7 34. Bxd7 Re7 35. Bb5 Qd8 36. Bc4 Nd3+ 37. Bxd3 exd3 38. Rxd3 Qd5 39. Qh4 Re8 40. e4 Rh6 41. Qf4 Qxh5 42. Rg3 c6 43. e5 Ree6 44. Ne4 Reg6 45. Ng5 Qh1+ 46. Kd2 Qd5 47. e6 Rf6 48. Qb8+ 1-0

[Event "Madrid San Viator op-A 28th"]
[Site "Madrid"]
[Date "2017.03.26"]
[Round "1"]
[White "Juzgado Niella, Angel Luis"]
[Black "Garcia Sanjuan, Jose"]
[Result "0-1"]
[WhiteElo "1625"]
[BlackElo "1891"]
[PlyCount "104"]
[EventDate "2017.03.26"]
[EventType "swiss"]
[EventRounds "9"]
[EventCountry "ESP"]
[SourceTitle "EXT 2018"]
[Source "ChessBase"]
[SourceDate "2017.10.13"]
[SourceVersion "1"]
[SourceVersionDate "2017.10.13"]
[SourceQuality "1"]

1. e4 b6 2. d4 Bb7 3. Nc3 e6 4. Bd3 Nf6 5. Nge2 d5 6. exd5 Nxd5 7. 0-0 Nc6 8. Be4 Nf6 9. Bf3 h6 10. Re1 Bd6 11. d5 Ne5 12. Ng3 Nxf3+ 13. Qxf3 0-0 14. Be3 exd5 15. Bd4 Bxg3 16. hxg3 c5 17. Bxf6 Qxf6 18. Nxd5 Qxf3 19. Ne7+ Kh7 20. gxf3 Bxf3 21. Re3 Bb7 22. Rae1 Rfe8 23. Nf5 Rxe3 24. Nxe3 Bf3 25. Nc4 f6 26. Nd2 Bc6 27. Kf1 Rd8 28. Re2 Rd5 29. Ke1 b5 30. Re6 Re5+ 31. Rxe5 fxe5 32. Ke2 Kg6 33. Ke3 Kf5 34. a3 g5 35. f3 h5 36. Kf2 c4 37. c3 e4 38. fxe4+ Bxe4 39. Nf1 h4 40. Ne3+ Ke6 41. Nf1 Bc6 42. Ne3 Ke5 43. Ng4+ Ke4 44. Ke2 hxg3 45. Nf6+ Kf5 46. Nh5 Kg4 47. Nf6+ Kh3 48. Kf1 Kh2 49. Ng4+ Kh1 50. Ke1 g2 51. Nf2+ Kh2 52. Ng4+ Kg3 0-1

[Event "Madrid San Viator op-A 27th"]
[Site "Madrid"]
[Date "2016.10.23"]
[Round "6"]
[White "Zhou, Lulu"]
[Black "Garcia Sanjuan, Jose"]
[Result "1-0"]
[WhiteElo "1746"]
[BlackElo "1880"]
[PlyCount "89"]
[EventDate "2016.09.25"]
[EventType "swiss"]
[EventRounds "9"]
[EventCountry "ESP"]
[SourceTitle "EXT 2019"]
[Source "ChessBase"]
[SourceDate "2018.10.10"]
[SourceVersion "1"]
[SourceVersionDate "2018.10.10"]
[SourceQuality "1"]

1. e4 b6 2. d4 Bb7 3. Nc3 e6 4. Be3 Bb4 5. f3 d5 6. e5 Ne7 7. a3 Bxc3+ 8. bxc3 Nf5 9. Bf2 Nc6 10. Bd3 Qg5 11. g3 Na5 12. f4 Qe7 13. Qg4 h5 14. Qh3 0-0-0 15. Nf3 g6 16. 0-0 Nh6 17. Rfb1 Ng4 18. Qf1 Nxf2 19. Kxf2 h4 20. g4 c5 21. Ba6 c4 22. Bxb7+ Nxb7 23. h3 f6 24. Kg2 Rhf8 25. Qf2 g5 26. exf6 Qxf6 27. Nxg5 Qg6 28. Qd2 Nd6 29. Re1 Rf6 30. Re2 Rdf8 31. Rf1 Kd7 32. Qe3 Re8 33. a4 Kc6 34. Qc1 Qg7 35. Qe1 Qh6 36. a5 b5 37. Qa1 a6 38. Qc1 Qg7 39. Rfe1 Kd7 40. Qa3 Nb7 41. Re5 Qg6 42. f5 Rxf5 43. gxf5 Qxg5+ 44. Kh1 Rg8 45. fxe6+ 1-0

[Event "Madrid San Viator op-A 26th"]
[Site "Madrid"]
[Date "2016.04.10"]
[Round "2"]
[White "Garcia Sanjuan, Jose"]
[Black "Unciti Juan, Javier"]
[Result "0-1"]
[WhiteElo "1864"]
[BlackElo "2048"]
[PlyCount "60"]
[EventDate "2016.04.03"]
[EventType "swiss"]
[EventRounds "9"]
[EventCountry "ESP"]
[SourceTitle "EXT 2017"]
[Source "ChessBase"]
[SourceDate "2016.10.25"]
[SourceVersion "1"]
[SourceVersionDate "2016.10.25"]
[SourceQuality "1"]

1. Nf3 d6 2. b3 e5 3. Bb2 f5 4. e3 Nf6 5. Bc4 e4 6. Ng5 d5 7. Be2 Bd6 8. Nh3 0-0 9. c4 c6 10. Na3 d4 11. exd4 f4 12. Ng1 Qe7 13. c5 Bc7 14. Nc4 Nd5 15. Ne5 Bxe5 16. dxe5 Nd7 17. d4 exd3 18. Qxd3 Nxc5 19. Qf3 Bf5 20. Bc4 Be4 21. Qh3 b5 22. Bxd5+ cxd5 23. Rd1 f3 24. gxf3 Nd3+ 25. Rxd3 Bxd3 26. Ne2 Rac8 27. f4 Qb4+ 28. Kf1 Qxf4 29. Qg3 Qxg3 30. hxg3 Rc2 0-1

[Event "Madrid San Viator op 23rd"]
[Site "Madrid"]
[Date "2014.11.23"]
[Round "9"]
[White "Garcia Sanjuan, Jose"]
[Black "Cabanas Bravo, Juan Andres"]
[Result "0-1"]
[WhiteElo "1895"]
[BlackElo "2058"]
[PlyCount "124"]
[EventDate "2014.09.28"]
[EventType "swiss"]
[EventRounds "9"]
[EventCountry "ESP"]
[SourceTitle "EXT 2016"]
[Source "ChessBase"]
[SourceDate "2015.10.08"]
[SourceVersion "1"]
[SourceVersionDate "2015.10.08"]
[SourceQuality "1"]

1. b3 e5 2. Bb2 Nc6 3. e3 d5 4. Nf3 e4 5. Nd4 Ne5 6. Ne2 Qf6 7. Bxe5 Qxe5 8. Nbc3 Nf6 9. h3 a6 10. Ng3 Bb4 11. Nce2 h5 12. c3 Bd6 13. Nd4 c5 14. Nc2 h4 15. Ne2 Bf5 16. b4 Nd7 17. bxc5 Nxc5 18. Ned4 Bd7 19. Nb3 Na4 20. Ncd4 Nb2 21. Qc2 Nc4 22. Bxc4 dxc4 23. Nc1 Rh6 24. Nce2 Ba3 25. f3 exf3 26. Nxf3 Qe7 27. Nf4 0-0-0 28. Nd4 Qe5 29. Rf1 g5 30. Nfe2 Rb6 31. Rb1 Ba4 32. Qh7 Rh8 33. Qxh8+ Qxh8 34. Rxb6 Qh7 35. Nf5 Bc2 36. Rh6 Qg8 37. Ned4 Bd3 38. Rf2 Kc7 39. Rf6 Kb8 40. Nh6 Qd8 41. Nxf7 Qc7 42. Re6 Qh2 43. Ref6 Qh1+ 44. Rf1 Bxf1 45. Rxf1 Qxg2 46. Ne2 Qd5 47. Nh6 Bd6 48. Ng4 Qg2 49. Nf6 Qxh3 50. Ne4 Be7 51. Nd4 Qg2 52. Nf2 g4 53. Nf5 Bd8 54. e4 g3 55. Ng4 Qxe4+ 56. Nge3 Bg5 57. Nd6 Qb1+ 58. Nd1 Qd3 59. Rf8+ Kc7 60. Ne8+ Kb8 61. Ne3 Bxe3 62. dxe3 Qxe3+ 0-1

[Event "Madrid San Viator op 21st"]
[Site "Madrid"]
[Date "2013.10.12"]
[Round "3"]
[White "Garcia Sanjuan, Jose"]
[Black "Del Noval Perez, Jeronimo"]
[Result "1-0"]
[WhiteElo "1857"]
[BlackElo "1428"]
[PlyCount "97"]
[EventDate "2013.09.29"]
[EventType "swiss"]
[EventRounds "9"]
[EventCountry "ESP"]
[SourceTitle "EXT 2015"]
[Source "ChessBase"]
[SourceDate "2014.11.20"]
[SourceVersion "1"]
[SourceVersionDate "2014.11.20"]
[SourceQuality "1"]

1. e4 c5 2. f4 Nc6 3. Nf3 d6 4. d4 cxd4 5. Nxd4 Nf6 6. Nc3 a6 7. Be2 e6 8. Nb3 Be7 9. Be3 0-0 10. 0-0 b5 11. Bf3 Bb7 12. a3 Qc7 13. Qe1 b4 14. axb4 Nxb4 15. Qf2 Qd7 16. Rad1 Rfc8 17. Nc5 Qc7 18. N5a4 Rab8 19. Bb6 Qc6 20. e5 Nfd5 21. Ba5 Qe8 22. Bxb4 Nxb4 23. Bxb7 Rxb7 24. exd6 Bf6 25. Nc5 Rd7 26. N3e4 Bd8 27. Nxd7 Qxd7 28. c3 Nd5 29. Qf3 Bb6+ 30. Kh1 Ne3 31. Qg3 Kf8 32. Rfe1 Nxd1 33. Rxd1 Bc5 34. b4 Bb6 35. Qd3 g6 36. Nf6 Qd8 37. Nxh7+ Kg7 38. Ng5 e5 39. Qd5 Qf6 40. Qxe5 Qxe5 41. fxe5 Rxc3 42. h3 Be3 43. Nf3 Bb6 44. d7 Bd8 45. Rd6 Kf8 46. Rxa6 Rd3 47. Rd6 Rxd6 48. exd6 Bb6 49. Ne5 1-0

[Event "Madrid San Viator op 20th"]
[Site "Madrid"]
[Date "2013.04.28"]
[Round "4"]
[White "Hidalgo Prado, David"]
[Black "Garcia Sanjuan, Jose"]
[Result "0-1"]
[WhiteElo "1397"]
[BlackElo "1877"]
[PlyCount "46"]
[EventDate "2013.04.07"]
[EventType "swiss"]
[EventRounds "9"]
[EventCountry "ESP"]
[SourceTitle "EXT 2014"]
[Source "ChessBase"]
[SourceDate "2013.11.20"]
[SourceVersion "1"]
[SourceVersionDate "2013.11.20"]
[SourceQuality "1"]

1. e4 b6 2. d4 Bb7 3. Bd3 Nf6 4. Nc3 e6 5. Nf3 d5 6. Bg5 Be7 7. Bxf6 Bxf6 8. e5 Be7 9. a3 c5 10. Be2 Nc6 11. Qd2 a6 12. Na4 cxd4 13. b4 Qc7 14. c3 b5 15. Nb2 dxc3 16. Qxc3 Rc8 17. Qe3 Qd8 18. Nd4 Qb6 19. Rd1 Nxd4 20. Rxd4 0-0 21. Bd3 f6 22. f4 fxe5 23. fxe5 Bg5 0-1

[Event "Madrid San Viator op 18th"]
[Site "Madrid"]
[Date "2012.05.27"]
[Round "8"]
[White "Lopez Guitian, Juan J"]
[Black "Garcia Sanjuan, Jose"]
[Result "0-1"]
[WhiteElo "1506"]
[BlackElo "1894"]
[PlyCount "78"]
[EventDate "2012.03.25"]
[EventType "swiss"]
[EventRounds "9"]
[EventCountry "ESP"]
[SourceTitle "EXT 2013"]
[Source "ChessBase"]
[SourceDate "2012.11.22"]
[SourceVersion "1"]
[SourceVersionDate "2012.11.22"]
[SourceQuality "1"]

1. d4 e6 2. c4 b6 3. Nc3 Bb7 4. a3 Nf6 5. Bg5 Be7 6. Qc2 d5 7. cxd5 Nxd5 8. Bxe7 Qxe7 9. Nf3 a6 10. e3 Nc6 11. Rc1 Nxc3 12. Qxc3 0-0 13. Bd3 Rfc8 14. h4 h6 15. Bb1 Nd8 16. h5 c5 17. Qd3 f5 18. Ba2 Be4 19. Qd2 cxd4 20. Nxd4 Kh8 21. f3 Bb7 22. Kf2 Rxc1 23. Rxc1 Qh4+ 24. Kg1 Qxh5 25. Bxe6 Nxe6 26. Nxe6 Qg6 27. Nf4 Qg5 28. Qf2 Re8 29. Rd1 Kh7 30. g3 a5 31. Rd6 b5 32. b4 axb4 33. axb4 Qe7 34. Rd3 Qxb4 35. Kg2 Qc5 36. Nh5 Re7 37. Qd2 Qc6 38. Qf2 g5 39. e4 fxe4 0-1

[Event "Madrid San Viator op 18th"]
[Site "Madrid"]
[Date "2012.03.25"]
[Round "1"]
[White "Garcia Sanjuan, Jose"]
[Black "Perez Perez, Marta"]
[Result "1-0"]
[WhiteElo "1894"]
[BlackElo "1403"]
[PlyCount "57"]
[EventDate "2012.03.25"]
[EventType "swiss"]
[EventRounds "9"]
[EventCountry "ESP"]
[SourceTitle "EXT 2013"]
[Source "ChessBase"]
[SourceDate "2012.11.22"]
[SourceVersion "1"]
[SourceVersionDate "2012.11.22"]
[SourceQuality "1"]

1. e4 e5 2. f4 exf4 3. Nf3 Nc6 4. d4 d5 5. e5 Bg4 6. c3 Nge7 7. Bxf4 Ng6 8. Bg3 Be7 9. Be2 0-0 10. 0-0 Re8 11. b4 Qd7 12. Nbd2 f6 13. b5 Nd8 14. a4 Nf7 15. exf6 Bxf6 16. Bd3 Nd6 17. Qb3 Nf5 18. Bxf5 Bxf5 19. Rfe1 c6 20. Ne5 Nxe5 21. Bxe5 Bxe5 22. dxe5 b6 23. Nf3 Rac8 24. Nd4 cxb5 25. axb5 Be4 26. Rxe4 Kh8 27. Ree1 Qc7 28. Nc6 Ra8 29. Qxd5 1-0

[Event "Madrid San Viator op 16th"]
[Site "Madrid"]
[Date "2011.03.27"]
[Round "1"]
[White "Tevar Becerra, Alvaro"]
[Black "Garcia Sanjuan, Jose"]
[Result "0-1"]
[WhiteElo "1458"]
[BlackElo "1919"]
[PlyCount "78"]
[EventDate "2011.03.27"]
[EventType "swiss"]
[EventRounds "9"]
[EventCountry "ESP"]
[SourceTitle "EXT 2012"]
[Source "ChessBase"]
[SourceDate "2011.11.24"]
[SourceVersion "1"]
[SourceVersionDate "2011.11.24"]
[SourceQuality "1"]

1. e4 e6 2. d4 d5 3. exd5 Qxd5 4. Nc3 Qd8 5. Nf3 Nf6 6. Bg5 Be7 7. Bb5+ c6 8. Be2 0-0 9. 0-0 Nbd7 10. Qd2 Nb6 11. Rad1 Nbd5 12. Nxd5 exd5 13. Bd3 Bg4 14. Qf4 Bd6 15. Qxg4 Nxg4 16. Bxd8 Raxd8 17. Rfe1 Rfe8 18. c3 h6 19. h3 Nf6 20. a3 Nh5 21. Kf1 Nf4 22. Bc2 a5 23. b4 axb4 24. axb4 Kf8 25. Ra1 Rxe1+ 26. Nxe1 Ke7 27. Ra7 Rd7 28. Nd3 Ne6 29. Ke2 g6 30. g3 Ng5 31. h4 Ne4 32. Ne5 Nxc3+ 33. Ke3 Bxe5 34. dxe5 d4+ 35. Kd3 Ke6 36. f4 Kf5 37. Kc4+ Kg4 38. e6 fxe6 39. Bxg6 b5+ 0-1